000 00932nam a2200301Ia 4500
003 OSt
005 20221006155906.0
006 a|||||r|||| 00| 0
007 ta
008 221006b |||||||| |||| 00| 0 eng d
020 _a9780226454597
_c¥2583
024 _a43,764
037 _bGift, Japan Foundation
_cTextual
040 _aEASL
_cEASL
_beng
041 _2eng
_aeng
082 _aX:5.420j73, N5
100 _aKrugman Paul
245 0 _aTrade with Japan
_b Has the doo opened wider?
260 _aChicago
_bThe University of Chicago Press
_c1995
300 _a353p.
_ccm.
490 _v JEL
_aA national bureau of economic research project report
650 _a Industry and state - Japan
_9660399
650 _a JEL
650 _a United States
650 _aJapan - Commercial policy
942 _hX:5.420j73, N5
_cTEXL
_2CC
999 _c1111856
_d1111856